000 00326nam a22001457a 4500
008 230703b ||||| |||| 00| 0 eng d
020 _a9780824072820
041 _aeng
080 _a573
082 _a573ALB
100 _a16
101 _aBIOLOGJI
245 _aMOLECULAR BIOLOGY OF THE CELL
_cALBERTS.B
942 _2udc
_cBK
999 _c60083
_d60083